00641nam a2200205Ia 450000500170000000800410001702000150005808200210007324500700009426000670016430000120023165000120024365000170025565000130027265000120028570000200029794200060031795200970032399900150042020250106035152.0240331s9999 xx 000 0 und d a9748574717 bKOS2364a305.23 0aCaught in Modern Slavery:bTourism and Child Prostitution in Asia aBangkokbThe Ecumenical Coalition on Third World Tourismc1991 a106 p., aTourism aProstitution aChildren aSlavery aSrisang, Keedt cL 001040708LaWERCLbWERCLcSSCd2024-03-31l0o 305.23 CAUp364r2024-03-31w2024-03-31yL c1531d1531